000 01138nam a22002777a 4500
005 2012011605265.0
008 120116t xxu||||| |||| 00| 0 eng d
010 _aENG-104726
020 _a9781259003233
_c310.00
020 _a125900323x
_c310.00
035 _aEN-88259
037 _bDBAD/PUB
040 _adpl
_bEng
082 _a621.3
100 _aChakrabarti, Abhijit
_912973
245 _aBasic electrical and electronics engineering-II :
_cby Abhijit Chakrabarti, Sudipta Nath [and] Soumitra Kumar Mandal
_bWBUT-2011-12 /
250 _a2nd ed
260 _aNew Delhi
_bTata McGraw-Hill
_c2012
270 _a7, West Patel Nagar
_bNew Delhi
_e110008
300 _aVarious pagings
_c23cm (pbk)
505 _aPt.1-electrical engineering-II by Abhijit Chakrabarti [and] Sudipta Nath ; Pt.2-electronics engineering-II by Soumitra Kumar Mandal
700 _aNath, Sudipta
_91057
700 _aMandal, Soumitra Kumar
_939212
942 _2ddc
_cEN
_mCHA
_h621.3
999 _c60922
_d60922